书目信息 |
| 题名: |
现代体操教学理论与方法
|
|
| 作者: | 韩宏飞 主编 | |
| 分册: | ||
| 出版信息: | 北京 北京体育大学出版社 2001.09 |
|
| 页数: | 496页 | |
| 开本: | 32开 | |
| 丛书名: | ||
| 单 册: | ||
| 中图分类: | G83 | |
| 科图分类: | ||
| 主题词: | 体操 | |
| 电子资源: | ||
| ISBN: | 7-81051-659-0 | |
| 000 | 00570nam0 2200193 45 | |
| 001 | 0210251590 | |
| 005 | 20021025160159.6 | |
| 010 | @a7-81051-659-0@d23.00元 | |
| 100 | @a20021025d2001 km y0chiy0120 ea | |
| 101 | 0 | @achi |
| 105 | @a z 000yy | |
| 200 | 1 | @a现代体操教学理论与方法@AXian Dai Ti Cao Jiao Xue Li Lun Yu Fang Fa@f韩宏飞主编@FHan Hong Fei Zhu Bian |
| 210 | @a北京@c北京体育大学出版社@d2001.09 | |
| 215 | @a496页@d32开 | |
| 606 | 0 | @a体操 |
| 690 | @aG83@v3 | |
| 701 | 0 | @a韩宏飞@4主编 |
| 801 | @aCN@bPftUser@c20021025 | |
| 905 | @aBZT@b342386-388@dG83@e1@f3 | |
| 现代体操教学理论与方法/韩宏飞主编.-北京:北京体育大学出版社,2001.09 |
| 496页;32开 |
| ISBN 7-81051-659-0:23.00元 |
| ● |
| 相关链接 |
|
|
|
正题名:现代体操教学理论与方法
索取号:G83/1
 
预约/预借
| 序号 | 登录号 | 条形码 | 馆藏地/架位号 | 状态 | 备注 |
| 1 | 342386 | 201396630 | 中心书库北库/ 北库026架A面4列5层11/ [索取号:G83/1] | 在馆 | |
| 2 | 342387 | 201396621 | 中心书库北库/ 北库025架B面3列6层12/ [索取号:G83/1] | 在馆 | |
| 3 | 342388 | 201396612 | 中心书库北库/ 北库026架A面4列5层12/ [索取号:G83/1] | 在馆 |